Disasters management (Record no. 1113147)

MARC details
000 -LEADER
fixed length control field 01180nam a2200337Ia 4500
003 - CONTROL NUMBER IDENTIFIER
control field OSt
005 - DATE AND TIME OF LATEST TRANSACTION
control field 20221006160349.0
008 - FIXED-LENGTH DATA ELEMENTS--GENERAL INFORMATION
fixed length control field 221006b |||||||| |||| 00| 0 eng d
020 ## - INTERNATIONAL STANDARD BOOK NUMBER
International Standard Book Number 9781439814307
037 ## - SOURCE OF ACQUISITION
Terms of availability Textual
040 ## - CATALOGING SOURCE
Original cataloging agency EASL
Transcribing agency EASL
Language of cataloging eng
041 ## - LANGUAGE CODE
Source of code eng
Language code of text/sound track or separate title eng
100 ## - MAIN ENTRY--PERSONAL NAME
Personal name Shaw Rajiv Ed.
9 (RLIN) 673048
245 #0 - TITLE STATEMENT
Title Disasters management
Remainder of title Global challenges and local solutions
260 ## - PUBLICATION, DISTRIBUTION, ETC.
Place of publication, distribution, etc. Boca Raton
Name of publisher, distributor, etc. CRC Press
Date of publication, distribution, etc. 2009
300 ## - PHYSICAL DESCRIPTION
Extent 664p.
Dimensions cm.
490 ## - SERIES STATEMENT
Volume/sequential designation Gen
500 ## - GENERAL NOTE
General note R&D Budget: RM Sensei
650 ## - SUBJECT ADDED ENTRY--TOPICAL TERM
Topical term or geographic name entry element Disaster reduction technology
9 (RLIN) 673049
650 ## - SUBJECT ADDED ENTRY--TOPICAL TERM
Topical term or geographic name entry element Education and community
9 (RLIN) 673050
650 ## - SUBJECT ADDED ENTRY--TOPICAL TERM
Topical term or geographic name entry element Poverty and deprivation - Impact of disasters
9 (RLIN) 673051
650 ## - SUBJECT ADDED ENTRY--TOPICAL TERM
Topical term or geographic name entry element Risk and vulnerability
9 (RLIN) 673052
650 ## - SUBJECT ADDED ENTRY--TOPICAL TERM
Topical term or geographic name entry element Hazards and disasters
9 (RLIN) 673053
700 ## - ADDED ENTRY--PERSONAL NAME
Personal name Krishnamurthy R. R. Ed.
9 (RLIN) 673054
942 ## - ADDED ENTRY ELEMENTS (KOHA)
Classification part U2894:8, P9
Koha item type Textual
Source of classification or shelving scheme Colon Classification (CC)
Holdings
Withdrawn status Lost status Source of classification or shelving scheme Damaged status Not for loan Home library Current library Date acquired Source of acquisition Serial Enumeration / chronology Total Checkouts Full call number Barcode Date last seen Price effective from Koha item type
    Colon Classification (CC)     Department of East Asian Studies Library Department of East Asian Studies Library 2022-10-06 101-A/28-02-2014, 28/02/2014, Pioneer Book Distributor Gen   U2894:8 P9 EA1397813 2022-10-06 2022-10-06 Textual
Copyright @ Delhi University Library System